| 000 | 00531nam a2200181 a 4500 | ||
|---|---|---|---|
| 005 | 20210219145951.0 | ||
| 008 | 991125s1992 mx 000 0 spa u | ||
| 020 | _a9686177493 | ||
| 035 | _aUPN01000004640 | ||
| 049 | _aCG | ||
| 050 | 4 |
_aB1197 A6 _bR62 |
|
| 100 | 1 | _aRojo, Graco | |
| 245 | 1 | 3 |
_aEl artífice del método : _bFrancis Bacon / _cGraco Rojo. |
| 260 |
_aMéxico : _bCNCA : _bPangea, _c1992. |
||
| 300 |
_a109 p. : _bil. |
||
| 600 | 1 | 4 |
_aBACON, FRANCIS, _cBARON DE VERULAM, VIZCONDE DE ST. ALBANS, _d1561-1626 |
| 905 | _aLibro | ||
| 999 |
_c4640 _d4640 |
||